000 00451nam a2200181Ia 4500
005 20240823024954.0
008 240823s9999||||xx |||||||||||||| ||und||
041 _aENGLISH
082 _A670.423 L0
100 _a"Anderson,Edwin P"
245 0 _aAudels Workshop and Tool Handy Book
250 _a1st
260 _c1970
_b"D B P,Bombay"
500 _aTransfered
650 _aWorkshop
_bAeronautical Engineering
942 _cBK
999 _c185192
_d185192